Cell components quiz - Statistics

General Stats
  • This quiz has been taken 8 times
  • The average score is 2 of 8
Answer Stats
Hint Answer % Correct
l Mitochondria
86%
l Nucleus
86%
l Ribosome
29%
l Rough Endoplasmic Reticulum
14%
l Golgi Body / Apparatus
0%
l Lysosome (Peroxisomes)
0%
l Plasma Membrane
0%
l Smooth Endoplasmic Reticulum
0%
No matching quizzes found
Score Distribution
Percent of People with Each Score
Percentile by Number Answered
Your Score History
You have not taken this quiz